000 01162cam a2200241 4500
001 WB3917-05
008 030508n2003 000 0 eng u
035 _a(Sirsi) u122217
245 _aEuropean office vacancy rate back to 1990s levels
260 _c2003
490 _aJones Lang LaSalle Press Release
_v 1 May 2003 (1)
520 _aAt the end of March 2003 the average vacancy rate across western Europe reached 7.7%, returning to the peak levels seen during the downturn of the early 1990s. On average, prime office rents fell by 8.6% during 2002. According to the latest edition of Jones Lang LaSalle (JLL) "European office property clock" report occupier demand for office space remained weak in the first quarter 2003 and leasing activity was 16% below that in the previous fourth quarter 2002. http://www.joneslanglasalle.com/news/2003/05May/PropertyClock.html
590 _aWB
650 _aOFFICE VACANCY RATES
650 _aOFFICE SPACE
650 _aOFFICE RENTS
650 _aEUROPE
650 _aJONES LANG LASALLE
650 _aRENTAL CYCLES
650 _aOCCUPIER DEMAND
690 _aPROPERTY-COMMERCIAL PROPERTY
942 _n0
999 _c72637
_d72637